Guru Tegh Bahadur / (Record no. 124945)

MARC details
000 -LEADER
fixed length control field 00726nam a22002417a 4500
005 - DATE AND TIME OF LATEST TRANSACTION
control field 20170124105946.0
010 ## - LIBRARY OF CONGRESS CONTROL NUMBER
LC control number A-612845
020 ## - INTERNATIONAL STANDARD BOOK NUMBER
Terms of availability 15.00
International Standard Book Number 8172012349
035 ## - SYSTEM CONTROL NUMBER
System control number A-612845
037 ## - SOURCE OF ACQUISITION
Source of stock number/acquisition Cen Lib/Ret
040 ## - CATALOGING SOURCE
Original cataloging agency DPL
Language of cataloging EN
082 ## - DEWEY DECIMAL CLASSIFICATION NUMBER
Classification number 260.33
Item number KOH
100 ## - MAIN ENTRY--PERSONAL NAME
Personal name Kohli, Mohindar Pal
9 (RLIN) 12487
245 ## - TITLE STATEMENT
Title Guru Tegh Bahadur /
Statement of responsibility, etc by Mohidar Pal Kohli
260 ## - PUBLICATION, DISTRIBUTION, ETC. (IMPRINT)
Place of publication, distribution, etc New Delhi
Name of publisher, distributor, etc Sahitya Akademi
Date of publication, distribution, etc 1992
270 ## - ADDRESS
Address 35, Feroj Shah Road
City New Delhi
Postal code 110001
300 ## - PHYSICAL DESCRIPTION
Extent vi, 67p.
Dimensions 19cm(Hb)
490 ## - SERIES STATEMENT
Series statement Makers of indian literature series
500 ## - GENERAL NOTE
General note Includes bibliographical references
650 ## - SUBJECT ADDED ENTRY--TOPICAL TERM
Topical term or geographic name as entry element Sikhism
9 (RLIN) 3669
650 ## - SUBJECT ADDED ENTRY--TOPICAL TERM
Topical term or geographic name as entry element Biographies
General subdivision
9 (RLIN) 12488
942 ## - ADDED ENTRY ELEMENTS (KOHA)
Source of classification or shelving scheme Dewey Decimal Classification
Koha item type English Books
Classification part 260.33
Call number suffix KOH
Holdings
Withdrawn status Lost status Damaged status Not for loan Home library Current library Date acquired Source of acquisition Cost, normal purchase price Total Checkouts Full call number Barcode Date last seen Copy number Cost, replacement price Price effective from Koha item type
        Central Library Central Library 19/06/2015 Cen Lib/Ret 15.00   260.33 KOH A-612845 19/06/2015 1 15.00 19/06/2015 English Books

© Delhi Public Library
Hit Counter
free hit counter